000 00273nam a2200109Ia 4500
008 190216s9999||||xx |||||||||||||| ||und||
100 _aMansfield D
245 0 _aIntroduction To Topology
260 _bNew Age International Publishers
650 _aMathematics
942 _cBK
999 _c30604
_d30604